000 00290nam a22001337a 4500
008 170303b xxu||||| |||| 00| 0 eng d
020 _a9780716726043
041 _aeng
080 _25 ED
_a575
100 _a6
101 _aSHM
245 _aGENETICS ANALYSIS
_cMILLER.H/J
942 _2udc
_cBK
999 _c6747
_d6747